<?xml version="1.0" encoding="UTF-8"?><?xml-stylesheet type="text/xsl" href="static/style.xsl"?><OAI-PMH xmlns="http://www.openarchives.org/OAI/2.0/" xmlns:xsi="http://www.w3.org/2001/XMLSchema-instance" xsi:schemaLocation="http://www.openarchives.org/OAI/2.0/ http://www.openarchives.org/OAI/2.0/OAI-PMH.xsd"><responseDate>2026-04-14T17:43:29Z</responseDate><request verb="GetRecord" identifier="oai:uvadoc.uva.es:10324/45596" metadataPrefix="marc">https://uvadoc.uva.es/oai/request</request><GetRecord><record><header><identifier>oai:uvadoc.uva.es:10324/45596</identifier><datestamp>2021-09-07T09:00:04Z</datestamp><setSpec>com_10324_38</setSpec><setSpec>col_10324_852</setSpec></header><metadata><record xmlns="http://www.loc.gov/MARC21/slim" xmlns:doc="http://www.lyncode.com/xoai" xmlns:xsi="http://www.w3.org/2001/XMLSchema-instance" xmlns:dcterms="http://purl.org/dc/terms/" xsi:schemaLocation="http://www.loc.gov/MARC21/slim http://www.loc.gov/standards/marcxml/schema/MARC21slim.xsd">
<leader>00925njm 22002777a 4500</leader>
<datafield tag="042" ind1=" " ind2=" ">
<subfield code="a">dc</subfield>
</datafield>
<datafield tag="720" ind1=" " ind2=" ">
<subfield code="a">Gallardo Rodríguez, Mónica</subfield>
<subfield code="e">author</subfield>
</datafield>
<datafield tag="260" ind1=" " ind2=" ">
<subfield code="c">2020</subfield>
</datafield>
<datafield tag="520" ind1=" " ind2=" ">
<subfield code="a">Este proyecto pretende dar una mayor importancia a los alumnos con altas capacidades, así como proporcionarles una atención educativa adaptada a sus necesidades. Comenzaremos realizando un pequeño repaso acerca de la superdotación y los diferentes términos relacionados con ello, y seguiremos con los modelos y los autores más destacados. Para identificar y diagnosticar a este tipo de alumnado se plasmarán las características y problemas más comunes, así como las técnicas y procedimientos para su evaluación. Por último, hablaremos de la importancia de la creatividad en las altas capacidades y desarrollaremos un pequeño proyecto con actividades para potenciarla en educación Infantil</subfield>
</datafield>
<datafield tag="024" ind2=" " ind1="8">
<subfield code="a">http://uvadoc.uva.es/handle/10324/45596</subfield>
</datafield>
<datafield tag="245" ind1="0" ind2="0">
<subfield code="a">La importancia de la creatividad en alumnos con altas capacidades</subfield>
</datafield>
</record></metadata></record></GetRecord></OAI-PMH>